01467cam a22003373a 4500001000500000005001700005020001800022020001700040040003300057050001300090082000800103100001800111245011300129250004400242260003400286300004000320490004500360500003200405505000800437520018500445521002000630521002000650655003100670700003700701700004100738906004500779942001500824999001500839952013700854952013800991117220231123151414.0 a9780590481137 a078073002993 aEOWcEOWdSLCdOCLdDLCbeng00aPZ7.D128 a4361 aDadey, Debbie10aSkeletons don't play tubas /cby Debbie Dadey and Marcia Thornton Jones ; illustrated by John Steven Gurney. aFirst Scholastic printing, October 1994 aNew York :bScholastic,c1994 a73 pages :billustrations ;c20 cm1 aThe adventures of the Bailey School kids a"A Little Apple paperback." aO  aThere are some pretty weird grown-ups living in Bailey City, but could the new band teacher really teach a skeleton to play the tuba? The Bailey School kids are going to find out!. a610 bLexile  aO bRaz-Plus  7aYoung adult fiction.2lcsh1 aJones, Marcia Thorntonecoauthor1 aGurney, Marcia Thorntoneillustrator a7bcbcccopycatd2encipf19gy-genrareb 2ddccBKn0 c1172d1172 00102ddc40708JUVFa001b001cTTPd2023-08-07l1oDAD 436 PZ7.D128p2023-0199r2024-01-22 11:45:59s2024-01-15t1w2023-08-07yBK 00102ddc40708JUVFa001b001cTTPd2023-08-07l2oDAD 436 PZ7.D128pFISBK00559r2024-09-18 13:16:27s2024-09-04t2w2023-08-07yBK